Responses for Show #1074 - Thursday, April 13, 1989

Contestants

[<< previous game]

Glenn Kane, an emergency physician from Venice, California

Carl Gettleman, a systems consultant from Santa Monica, California

Jim Breed, a mechanical engineer from Kansas City, Missouri (whose 3-day cash winnings total $40,897)

[next game >>]

Jeopardy! Round responses

U.S. STATES
JEWELRY
SONG LYRICS
INVENTIONS
CELEBRITY MARRIAGES
HOMOPHONES
(Alex: And some of these are rather complicated. They are compound words, many of them.)
    $100 3
Florida

Carl
    $100 21
Juliet

Glenn
    $100 16
"my skin"

Glenn
    $100 1
teeth

Carl
    $100 11
ballroom (bawl room)

Triple Stumper
    $200 7
Virginia

Glenn
    $200 22
pearls

Glenn
    $200 17
(Glenn: What is the tumbleweed? The tumbling tumbleweed?)
(Alex: [*], that's right.)

"the tumbling tumbleweeds"

Glenn
    $200 2
a telescope

Glenn
    $500 12
(Glenn: [No response])
(Alex: I said some of these were complicated.
The twosome performing the song is [**]. And if you're trucking Quaker's products, you're [*].)
[The song was not reprised going into the break.]

haulin' oats (Hall & Oates)

Glenn
    $300 8
(Glenn: What is California?)
(Jim: What is Nebraska?)

Washington

JimGlenn
Triple Stumper
    $300 23
a sardonyx

Triple Stumper
    $300 18
Jackson

Jim
    $300 4
(Felix) Wankel

Jim
    $300 13
Bell heir (Bel-Air)

Glenn
    $400 9
Alaska

Glenn
    $400 24
(Carl: What is Goa?)

Sri Lanka

CarlGlenn
    $400 19
"Amazing Grace"

Glenn
    $400 5
the barometer

Jim
    $400 14
(Glenn: What's a foil guy?)

take the wrap (take the rap)

Glenn
Triple Stumper
    $500 10
Indiana

Glenn
    $500 25
(Carl: What is ruby?)
[The end-of-round signal sounds.]

garnet

Carl
Triple Stumper
    $500 20
(Jim: Who's Bloody Mary?)
...
(Alex: We've got a minute to go.)

Honey Bun

JimGlenn
    $500 6
purple (or mauve)

Carl
    $500 15
(Carl: What is basting?)
(Alex: Yeah, we'll accept that. Basting or [*], either one.)

lambasting (lamb basting)

Carl

Scores at the first commercial break (after clue 12):

Jim Carl Glenn
$400 $700 $500

Scores at the end of the Jeopardy! Round:

Jim Carl Glenn
$200 $300 $2,300

Double Jeopardy! Round responses

ANCIENT HISTORY
IN THE NEWS
BOOKS & AUTHORS
MILK & CREAM
FAMOUS WOMEN
QUOTE "UN"QUOTE
    $200 6
tweezers

Jim
    $200 14
(Robert) Peary

Jim
    $200 1
Jimmy Carter

Jim
    $200 21
water

Jim
    $200 11
Lady Godiva

Jim
    $400 7
Ireland

Carl
    $400 15
the Olympics

Glenn
    $400 2
Joan Baez

Jim
    $400 12
Lizzie Borden

Jim
    $600 8
Rome

Glenn
    $600 16
O'Hare & Midway

Jim
    $600 3
John Matuszak

Jim
    $600 13
the Salvation Army

Glenn
    $600 25
uncommon valor

Carl
    $800 9
(Jim: What is the Yangtze?)

the Yellow River (Huang Ho)

JimGlenn
    $800 17
the KGB

Glenn
    $800 4
Irving Stone

Carl
    $800 26
(Carl: What is yogurt?)
[The end-of-round signal sounds.]

crème fraîche

Carl
Triple Stumper
    $800 19
(Jim: Who is Martina Navratilova?)
(Carl: Who is Billie Jean King?)

Steffi Graf

JimCarl
Triple Stumper
    $800 24
unbowed

Jim
    $1000 10
Crete

Carl
    $1000 18
(Carl: What is 10?)

7

Carl
Triple Stumper
    $1000 5
(Sherwood) Anderson

Carl
    $1,600 22
(Jim: What is cottage cheese?)

Devonshire cream

Jim
    $1,500 20
(Lord) Nelson

Glenn
    $1000 23
(Jim: What is unburied?)
(Glenn: What is unmourned?)
...
(Alex: Less than a minute.)

unsung

JimGlenn
Triple Stumper

Scores at the end of the Double Jeopardy! Round:

Jim Carl Glenn
-$200 $1,500 $6,000
(lock game)

[wagering suggestions for these scores]

Final Jeopardy! Round responses

EUROPE
CarlWhat is Belgium, Netherlands & Luxembourg
$1,500
GlennWhat are France, Italy and West Germany?
$2,500
(3 of) Belgium, the Netherlands, Luxembourg, France, Italy & West Germany

Final scores:

Jim Carl Glenn
-$200 $3,000 $8,500
3rd place: Ashley oak & brass entertainment center 2nd place: trip to Fort Lauderdale, Florida New champion: $8,500

Game dynamics:

Coryat scores:

Jim Carl Glenn
$1,400 $1,500 $6,000
13 R,
6 W
(including 1 DD)
9 R,
5 W
18 R
(including 1 DD),
4 W
(including 1 DD)

Combined Coryat: $8,900

[game clues] [game scores] [suggest correction]

Game tape date: Unknown
The J! Archive is created by fans, for fans. Scraping, republication, monetization, and malicious use prohibited; this site may use cookies and collect identifying information. See terms. The Jeopardy! game show and all elements thereof, including but not limited to copyright and trademark thereto, are the property of Jeopardy Productions, Inc. and are protected under law. This website is not affiliated with, sponsored by, or operated by Jeopardy Productions, Inc. Join the discussion at JBoard.tv.